000 00696nam a2200289Ia 4500
005 20260324140019.0
008 008 260324s9999 xx 000 0 eng d
020 _a9781315228082
037 _aEBOOK
040 _aCRL
040 _beng
040 _cCRL
041 _2eng
041 _aeng
084 _qCRL
100 _aCarola M. Frege
_91202797
245 0 _aSocial Partnership at Work
245 0 _bWorkplace Relations in Post-Unification Germany
260 _bTaylor and Francis
260 _c1999
365 _a
365 _b83.99
856 _uhttp://www.taylorfrancis.com/books/9781315228082
942 _cEBOOK
999 _c1804415
_d1804415